<?xml version="1.0" encoding="UTF-8"?>
<record
    xmlns:xsi="http://www.w3.org/2001/XMLSchema-instance"
    xsi:schemaLocation="http://www.loc.gov/MARC21/slim http://www.loc.gov/standards/marcxml/schema/MARC21slim.xsd"
    xmlns="http://www.loc.gov/MARC21/slim">

  <leader>01794cam a2200349 a 4500</leader>
  <controlfield tag="001">000080169</controlfield>
  <controlfield tag="005">20200120224336.0</controlfield>
  <controlfield tag="008">040907r1996    ck a   br     000 p spa d</controlfield>
  <datafield tag="020" ind1=" " ind2=" ">
    <subfield code="a">9583002933</subfield>
  </datafield>
  <datafield tag="020" ind1=" " ind2=" ">
    <subfield code="a">9789583002939</subfield>
  </datafield>
  <datafield tag="040" ind1=" " ind2=" ">
    <subfield code="a">BibloRed</subfield>
  </datafield>
  <datafield tag="041" ind1="0" ind2=" ">
    <subfield code="a">spa</subfield>
  </datafield>
  <datafield tag="043" ind1=" " ind2=" ">
    <subfield code="a">s-ck---</subfield>
  </datafield>
  <datafield tag="045" ind1=" " ind2=" ">
    <subfield code="a">x-x-</subfield>
  </datafield>
  <datafield tag="090" ind1=" " ind2=" ">
    <subfield code="a">P</subfield>
    <subfield code="b">NI&#xD1;a</subfield>
  </datafield>
  <datafield tag="100" ind1="1" ind2=" ">
    <subfield code="a">Ni&#xF1;o, Jairo An&#xED;bal</subfield>
    <subfield code="d">1941-2010</subfield>
  </datafield>
  <datafield tag="245" ind1="1" ind2="3">
    <subfield code="a">La alegr&#xED;a de querer :</subfield>
    <subfield code="b">poemas de amor para ni&#xF1;os /</subfield>
    <subfield code="c">Jairo An&#xED;bal Ni&#xF1;o ; ilustraciones de Patricia Acosta.</subfield>
  </datafield>
  <datafield tag="260" ind1=" " ind2=" ">
    <subfield code="a">Bogot&#xE1; :</subfield>
    <subfield code="b">Panamericana,</subfield>
    <subfield code="c">1996.</subfield>
  </datafield>
  <datafield tag="300" ind1=" " ind2=" ">
    <subfield code="a">70 p&#xE1;ginas :</subfield>
    <subfield code="b">ilustraciones en color ;</subfield>
    <subfield code="c">21 cm.</subfield>
  </datafield>
  <datafield tag="490" ind1="0" ind2=" ">
    <subfield code="a">Literatura juvenil</subfield>
  </datafield>
  <datafield tag="505" ind1="2" ind2=" ">
    <subfield code="t">Cuando llegu&#xE9; del colegio</subfield>
    <subfield code="t">Me haces un favor?</subfield>
    <subfield code="t">Ayer por la tarde</subfield>
    <subfield code="t">Colombia</subfield>
    <subfield code="t">Sabes qu&#xE9;?</subfield>
    <subfield code="t">Liliana</subfield>
    <subfield code="t">Est&#xE1; lloviznando</subfield>
    <subfield code="t">1 x 1</subfield>
    <subfield code="t">Te has ido</subfield>
    <subfield code="t">Despu&#xE9;s de nuestra visita</subfield>
    <subfield code="t">Qu&#xE9; haces aqu&#xED;?</subfield>
    <subfield code="t">Me contaron</subfield>
    <subfield code="t">Desde el d&#xED;a</subfield>
    <subfield code="t">Tres nubes grises</subfield>
    <subfield code="t">La imagen</subfield>
    <subfield code="t">Es medianoche</subfield>
    <subfield code="t">Ti cabe&#xF1;&#xF1;p es una bandada de chupa&#xF1;ores</subfield>
    <subfield code="t">Estabas bajo el &#xE1;rbol</subfield>
    <subfield code="t">El d&#xED;a de tu santo</subfield>
    <subfield code="t">El aire alrededor</subfield>
    <subfield code="t">Hay algo en el cielo</subfield>
    <subfield code="t">Al lado</subfield>
    <subfield code="t">Es tan azul tu sombra</subfield>
    <subfield code="t">Todos trasnocharon</subfield>
    <subfield code="t">Por primera vez en mi vida env&#xED;o una carta</subfield>
    <subfield code="t">La profesora severa y alta</subfield>
    <subfield code="t">Te regalo esta gatica</subfield>
    <subfield code="t">Supe que te amaba</subfield>
    <subfield code="t">Despu&#xE9;s de superar</subfield>
    <subfield code="t">Ayer por primera vez</subfield>
    <subfield code="t">No busques m&#xE1;s tu cuaderno de geograf&#xED;a</subfield>
  </datafield>
  <datafield tag="521" ind1=" " ind2=" ">
    <subfield code="a">Recomendado para ni&#xF1;os de 6 a 9 a&#xF1;os</subfield>
  </datafield>
  <datafield tag="590" ind1=" " ind2=" ">
    <subfield code="a">Ejemplar donado seg&#xFA;n Memorando GE3.6.3/0034 Colegio Ciudadela</subfield>
  </datafield>
  <datafield tag="650" ind1="1" ind2="4">
    <subfield code="a">Poes&#xED;a infantil colombiana</subfield>
  </datafield>
  <datafield tag="650" ind1="1" ind2="4">
    <subfield code="a">Literatura infantil colombiana</subfield>
  </datafield>
  <datafield tag="650" ind1="1" ind2="4">
    <subfield code="a">Ni&#xF1;os en la literatura</subfield>
  </datafield>
  <datafield tag="650" ind1="1" ind2="4">
    <subfield code="a">Amor en la literatura</subfield>
  </datafield>
  <datafield tag="650" ind1="1" ind2="4">
    <subfield code="a">Profesores en la literatura</subfield>
  </datafield>
  <datafield tag="650" ind1="1" ind2="4">
    <subfield code="a">Sentimientos en la litratura</subfield>
  </datafield>
  <datafield tag="650" ind1="1" ind2="4">
    <subfield code="a">Responsabilidad en la literatura</subfield>
  </datafield>
  <datafield tag="700" ind1="1" ind2=" ">
    <subfield code="a">Acosta, Patricia</subfield>
    <subfield code="e">ilustradora</subfield>
  </datafield>
  <datafield tag="999" ind1=" " ind2=" ">
    <subfield code="c">9107</subfield>
    <subfield code="d">9107</subfield>
  </datafield>
  <datafield tag="952" ind1=" " ind2=" ">
    <subfield code="0">0</subfield>
    <subfield code="1">0</subfield>
    <subfield code="2">ddc</subfield>
    <subfield code="4">0</subfield>
    <subfield code="7">0</subfield>
    <subfield code="8">LI</subfield>
    <subfield code="a">BPMOS</subfield>
    <subfield code="b">BPMOS</subfield>
    <subfield code="d">2020-01-20</subfield>
    <subfield code="i">NT</subfield>
    <subfield code="l">2</subfield>
    <subfield code="o">P NI&#xD1;a</subfield>
    <subfield code="p">MOS019067</subfield>
    <subfield code="r">2023-07-26</subfield>
    <subfield code="s">2023-07-10</subfield>
    <subfield code="t">ej.1</subfield>
    <subfield code="w">2020-01-20</subfield>
    <subfield code="y">BKLIT</subfield>
    <subfield code="z">Quince d&#xED;as</subfield>
  </datafield>
  <datafield tag="952" ind1=" " ind2=" ">
    <subfield code="0">0</subfield>
    <subfield code="1">0</subfield>
    <subfield code="2">ddc</subfield>
    <subfield code="4">0</subfield>
    <subfield code="7">0</subfield>
    <subfield code="8">LI</subfield>
    <subfield code="a">BPMOS</subfield>
    <subfield code="b">BPMOS</subfield>
    <subfield code="d">2020-11-18</subfield>
    <subfield code="i">NT</subfield>
    <subfield code="l">1</subfield>
    <subfield code="o">P NI&#xD1;a</subfield>
    <subfield code="p">MOS500258</subfield>
    <subfield code="r">2023-06-30</subfield>
    <subfield code="s">2023-06-13</subfield>
    <subfield code="t">ej.2</subfield>
    <subfield code="w">2020-11-18</subfield>
    <subfield code="y">BKLIT</subfield>
    <subfield code="z">Quince d&#xED;as</subfield>
  </datafield>
  <datafield tag="952" ind1=" " ind2=" ">
    <subfield code="0">0</subfield>
    <subfield code="1">0</subfield>
    <subfield code="2">ddc</subfield>
    <subfield code="4">0</subfield>
    <subfield code="7">0</subfield>
    <subfield code="8">LI</subfield>
    <subfield code="a">BPMOS</subfield>
    <subfield code="b">BPMOS</subfield>
    <subfield code="c">FIC</subfield>
    <subfield code="d">2023-07-05</subfield>
    <subfield code="l">2</subfield>
    <subfield code="o">P NI&#xD1;a</subfield>
    <subfield code="p">MOS503190</subfield>
    <subfield code="r">2024-06-05</subfield>
    <subfield code="s">2024-05-16</subfield>
    <subfield code="t">Ej. 3</subfield>
    <subfield code="w">2023-07-05</subfield>
    <subfield code="y">BKLIT</subfield>
    <subfield code="z">Quince d&#xED;as</subfield>
  </datafield>
</record>
